Sprache und Sprachverarbeitung Akten des 38. Linguistischen Kolloquiums in Piliscsaba 2003
| Korporatívny autor: | |
|---|---|
| Ďalší autori: | , |
| Médium: | Konferenčný príspevok Kniha |
| Jazyk: | nemčina angličtina francúzština |
| Fyzický popis: | xii, 528 s. grafy, tab. 21 cm |
| Vydavateľské údaje: |
Frankfurt am Main
Peter Lang
2006
|
| ISBN: | 363155477X (brož.) |
| ISSN: | 436-6150 |
| Edícia: | Linguistik international
|
| Predmet: |
MARC
| LEADER | 00000nam a2200000 a 4500 | ||
|---|---|---|---|
| 001 | vtls008888029 | ||
| 003 | SK-MaSNL | ||
| 005 | 20260302042444.0 | ||
| 008 | 251029s2006 gw dl f 100 0 ger | ||
| 020 | |a 363155477X (brož.) | ||
| 040 | |a SNK |b slo |c SNK |e AACR2 | ||
| 041 | 0 | |a ger |a eng |a fre | |
| 044 | |a gw |a sz |a be |a xxu |a xxk |a au |c DE |c CH |c BE |c US |c GB |c AT | ||
| 072 | 7 | |a 81 |x Lingvistika. Jazyky |2 konspekt | |
| 080 | |a 81'25 |2 2001 | ||
| 080 | |a 81'36 |2 2001 | ||
| 080 | |a 81'1 |2 2001 | ||
| 080 | |a (048.8) |2 2001 | ||
| 111 | 2 | |a Linguistisches Kolloquium |n (38. : |d 2003 : |c Piliscsaba, Maďarsko) |9 695339 | |
| 245 | 1 | 0 | |a Sprache und Sprachverarbeitung |b Akten des 38. Linguistischen Kolloquiums in Piliscsaba 2003 |c Pawel Karnowski, Imre Szigeti (Hrsg.) |
| 246 | 1 | 1 | |a Language and language-processing |
| 260 | |a Frankfurt am Main |b Peter Lang |c 2006 | ||
| 300 | |a xii, 528 s. |b grafy, tab. |c 21 cm | ||
| 490 | 1 | |a Linguistik international |x 436-6150 |v Bd. 15 | |
| 546 | |a Text aj angl., franc. | ||
| 650 | 0 | 7 | |a preklad |2 SNKPH |9 25315 |
| 650 | 0 | 7 | |a teória prekladu |2 SNKPH |9 15928 |
| 650 | 0 | 7 | |a gramatika |2 SNKPH |9 865 |
| 650 | 0 | 7 | |a lingvistika |2 SNKPH |9 860 |
| 655 | 7 | |a štúdie |2 SNKPH |9 57033 | |
| 700 | 1 | |a Karnowski, Pawel |4 edt |9 352644 | |
| 700 | 1 | |a Szigeti, Imre |4 edt |9 695340 | |
| 830 | 0 | |a Linguistik international |9 300969 | |
| 919 | |a 3-631-55477-X | ||
| 999 | |c 1082913 |d 1084843 | ||
| 952 | |a SNK |b SNK |y VYP |7 0 |p 17A0541396 |o snkIC 134518 |i snk2007/4788 |8 2 |g 93.64 |0 0 |1 0 |4 0 |d 2006-12-05 |l 0 |r 2026-02-24 16:30:51 |w 2026-02-24 | ||


